Η πόλη και η ευρωπαϊκή ενοποίηση : αναζητώντας μια νέα, Αριστοτελική προσέγγιση στη διαδικασία της πολιτικής ολοκλήρωσης
Αποθηκεύτηκε σε:
| Κύριος συγγραφέας: | |
|---|---|
| Μορφή: | Βιβλίο |
| Γλώσσα: | Greek |
| Δημοσίευση: |
[Αθήνα] :
Θεμέλιο,
1994
|
| Σειρά: | Βιβλιοθήκη ευρωπαϊκών θεμάτων
|
| Θέματα: | |
| Ετικέτες: |
Προσθήκη ετικέτας
Δεν υπάρχουν, Καταχωρήστε ετικέτα πρώτοι!
|
MARC
| LEADER | 00000nam a2200000 i 4500 | ||
|---|---|---|---|
| 001 | 1/86159 | ||
| 008 | 080523s1994 gre d | ||
| 020 | |a 960-310-181-8 | ||
| 035 | |l 10097595 | ||
| 040 | |a GR-MY-UA |b gre |e aacr | ||
| 041 | 0 | |a gre | |
| 082 | 0 | |a 321.04094 |2 (22) | |
| 100 | 1 | |a Ιωακειμίδης, Παναγιώτης Κ. | |
| 245 | 1 | 2 | |a Η πόλη και η ευρωπαϊκή ενοποίηση : |b αναζητώντας μια νέα, Αριστοτελική προσέγγιση στη διαδικασία της πολιτικής ολοκλήρωσης / |c Π.Κ. Ιωακειμίδης |
| 260 | |a [Αθήνα] : |b Θεμέλιο, |c 1994 | ||
| 300 | |a 126 σ.; |c 21 εκ. | ||
| 490 | 1 | |a Βιβλιοθήκη ευρωπαϊκών θεμάτων | |
| 504 | |a Βιβλιογραφία: σ. [117]-126 | ||
| 600 | 1 | 0 | |a Aristotle |x Contribution in political integration. |
| 650 | 0 | 0 | |a European federation. |
| 651 | 0 | |a European Economic Community countries |x Economic integration. | |
| 651 | 0 | |a Europe |x Economic integration. | |
| 830 | 0 | |a Βιβλιοθήκη ευρωπαϊκών θεμάτων | |
| 852 | |a INST |b LESVOS |e 20080523 |h 321.04094 ΙΩΑ |p 005100039784 |q 005100039784 |t BK |y 0 | ||
| 901 | |a BIBL1-2008-2 | ||
| 909 | |a Λ |b 142195 | ||
| 922 | |a 1ΕΛΗ |b 200711 |c ΕΠΕΑΕΚ2/ΤΚ |d Σ. ΠΑΤΑΚΗΣ | ||
| 970 | |a ΚΑΡΑ |b ΓΙΑΣΕΜΗ |z 2008/05/23 | ||